[Event "Edinburgh Premier"]
[Site "Edinburgh"]
[Date "2016.04.10"]
[Round "5.1"]
[White "Samolins, Vitalijs"]
[Black "Archibong, Ubong S"]
[Result "1-0"]
[WhiteElo "2397"]
[BlackElo "2063"]
[PlyCount "119"]
[EventDate "2016.04.08"]
[EventType "swiss"]
[EventRounds "5"]
[EventCountry "SCO"]
[SourceTitle "EXT 2023"]
[Source "ChessBase"]
[SourceDate "2022.10.05"]
[SourceVersion "1"]
[SourceVersionDate "2022.10.05"]
[SourceQuality "1"]

1. b3 Nf6 2. Bb2 b6 3. e3 Bb7 4. Nf3 g6 5. Be2 Bg7 6. 0-0 0-0 7. c4 Na6 8. Nc3 c5 9. Rc1 Rc8 10. Nb5 Nc7 11. Nxc7 Rxc7 12. Qc2 Qa8 13. d3 d6 14. Bc3 e5 15. Qb2 Re7 16. Rfd1 Rfe8 17. b4 h5 18. a4 Nh7 19. a5 bxa5 20. bxc5 dxc5 21. Ra1 g5 22. Rxa5 g4 23. Nh4 Bf6 24. Nf5 Bxg2 25. Nxe7+ Rxe7 26. Rb1 Rb7 27. Rb5 Rxb5 28. Qxb5 Kg7 29. Qb8 Qc6 30. Bxe5 Bh3 31. e4 Qa4 32. Bxf6+ Nxf6 33. Qe5 Qa2 34. Qb2 Qa5 35. e5 Ng8 36. e6+ Kg6 37. exf7 Kxf7 38. Qb7+ Ne7 39. Bf1 Bxf1 40. Rxf1 Qd8 41. Qxa7 Qxd3 42. Qxc5 Nf5 43. Qd5+ Qxd5 44. cxd5 Ke7 45. h3 Kd6 46. hxg4 hxg4 47. Rd1 Ke5 48. Kg2 Kd6 49. Ra1 Kxd5 50. Ra5+ Ke6 51. Ra4 g3 52. fxg3 Kf6 53. Kf3 Kg5 54. Ra5 Kg6 55. Kf4 Nd4 56. Ra6+ Kf7 57. g4 Ne2+ 58. Kg5 Nd4 59. Kh6 Ne6 60. Rxe6 1-0